| 000 | 00620nam a2200241Ia 4500 | ||
|---|---|---|---|
| 005 | 20250425162819.0 | ||
| 008 | 250425s9999 xx 000 0 und d | ||
| 020 | _a9780815345510 | ||
| 041 | _aeng | ||
| 044 | _axxu | ||
| 082 |
_a616.079 _pMUR |
||
| 100 | _aMURPHY, KENNTH | ||
| 245 | 0 | _aJANEWAY'S IMMUNOBIOLOGY | |
| 250 | _a9TH ED. | ||
| 264 |
_aEstados Unidos, NEW YORK _bGARLAND SCIENCE _c2017. |
||
| 300 | _a904 | ||
| 650 | _aINMUNOTERAPIA | ||
| 650 | _aSISTEMA INMUNOLOGICO-FISIOLOGIA | ||
| 650 | _aSISTEMA INMUNOLOGICO-FISIOPATOLOGIA | ||
| 700 | _aWEAVER, CASEY | ||
| 942 | _c01 | ||
| 010 | _a110035 | ||
| 999 |
_c236966 _d236966 |
||